[Event "ROU-ch Women 2018"]
[Site "Olanesti"]
[Date "2018.05.15"]
[Round "2"]
[White "Lehaci, Miruna-Daria"]
[Black "Bulmaga, Irina"]
[Result "1-0"]
[WhiteElo "1905"]
[BlackElo "2415"]
[Annotator "TA"]
[PlyCount "155"]
[EventDate "2018.??.??"]
[EventType "swiss"]
[EventCountry "ROU"]
[SourceTitle "playchess.com"]
[Source "ChessBase"]
[SourceQuality "1"]

{[%evp 13,155,12,42,0,0,0,0,0,0,-11,0,-20,-18,-29,-20,-16,0,0,11,0,17,-13,63,49,78,25,112,109,137,102,293,289,351,331,349,331,303,277,407,380,450,433,419,379,481,468,539,531,531,515,501,477,481,488,514,514,581,358,632,635,612,603,600,569,635,634,628,557,516,492,821,291,871,871,885,493,866,920,909,894,804,856,738,761,906,883,1071,837,775,770,624,592,1541,1071,1242,1006,2355,389,29966,17,17,0,29966,29963,29964,29966,29964,29964,29964,4132,29969,29971,29978,29979,29979,29980,29979,29980,29981,29982,29982,29983,29983,29984,29984,29985,29985,29986,29986,29987,29988,29989,29990,29991,29991,29992,29992,29989,29989,29987,29987,29988,29988,29989]} 1. e4 c6 2. d4 d5 3. e5 Bf5 4. Nf3 e6 5. Be2 Ne7 6. O-O Nd7 7. b3 Bg6 {LiveBook: 22 Games. B12: Caro-Kann: Advance Variation} (7... h6 8. c4 Ng6 9. Be3 Bb4 10. a3 Ba5 11. cxd5 cxd5 12. b4 Bb6 13. Nc3 O-O 14. Bd3 Ne7 15. Re1 Bc7 16. Ne2 Nb6 {1-0 (41) Savic,M (2511)-Ruck,R (2531) Hungary 2018}) 8. Ba3 (8. c4 $14) 8... c5 $11 9. c4 dxc4 {The position is equal.} 10. Bxc4 $146 ({Predecessor:} 10. bxc4 cxd4 11. Qa4 d3 12. Bd1 Nc6 13. Bxf8 Kxf8 14. Qa3+ Kg8 15. Re1 {0-1 (41) Barbot,P (1779)-Godart,F (1937) Aix les Bains 2006}) 10... cxd4 11. Qxd4 Nc6 12. Qc3 (12. Qf4 {with more complications.} Qa5 13. Bxf8 Rxf8 14. Nbd2 O-O-O 15. Rfe1) 12... Bxa3 13. Nxa3 {[%cal Bb1a3,Ba3c4,Bc4d6][%mdl 32]} a6 14. Be2 O-O 15. Nc4 Qe7 16. Rfd1 Bh5 17. Rd2 Rad8 (17... Rac8 $11) 18. Rad1 $14 h6 19. a4 ({Better is} 19. Nd4 $16 Nxd4 20. Bxh5) 19... Bg6 (19... b5 $11 {keeps the balance.} 20. Ne3 Bxf3 21. Bxf3 Ncxe5) 20. Nd6 $36 {[%mdl 2048] Keeping Black busy.} Nb6 21. Bxa6 $1 Nd5 $2 (21... bxa6 $16 {was necessary.} 22. Qxc6 Rb8) 22. Rxd5 $1 $18 exd5 23. Nxb7 (23. Bxb7 Nxe5 24. Nxe5 Qxd6 $11) 23... Nb4 {...Rc8 is the strong threat.} 24. Nxd8 Rxd8 25. Bb5 Be4 (25... Nc2 {is a better defense.} 26. Bd3 Bxd3) 26. Nd4 h5 27. f3 Bg6 28. Kh1 h4 29. h3 Ra8 30. Nc6 Nxc6 31. Qxc6 Rd8 32. Qc3 Bf5 33. b4 Rc8 34. Qd4 Qg5 35. Bd3 Be6 $2 (35... Bxd3 36. Qxd3 Qxe5 37. Qxd5 Qxd5 38. Rxd5 Rc1+ 39. Kh2 Ra1) 36. a5 {[%cal Ba4a5,Ba5a6][%mdl 32]} Qg3 37. Rf1 Bxh3 {[%csl Gh3][%cal Rg3g2]} 38. Qf2 ({Inferior is} 38. gxh3 Qxh3+ 39. Kg1 Qg3+ 40. Kh1 Qh3+ 41. Kg1 Qg3+ 42. Kh1 Qh3+ $11) 38... Bd7 39. Qxg3 hxg3 {[%mdl 4096] Endgame KRB-KRB} 40. a6 Rc3 41. Rd1 Rb3 (41... Ba4 $142 42. a7 Bc6) 42. Kg1 $2 (42. b5) 42... Kf8 $2 (42... Rxb4 43. a7 Bc6) 43. b5 Bxb5 44. Bxb5 Rxb5 {KR-KR} 45. Ra1 {Hoping for a7.} Rb8 46. a7 Ra8 47. Kf1 Ke7 48. Ke2 Ke6 49. f4 Kf5 50. Kf3 g5 51. fxg5 Kxe5 52. Kxg3 Kd4 53. Ra3 Kc4 54. Kf4 d4 55. Ke4 $2 (55. Kf3 Kc5 56. Ke2) 55... Re8+ $2 {[#]} (55... Kb4 $18 56. Ra6 Kc3 57. Rc6+ Kd2) 56. Kf5 $2 (56. Kf3 $1 {mates} Ra8 57. Ke2 Re8+ 58. Kd2 Ra8 59. Ra2 Kb3 60. Ra1 Kc4 61. Rc1+ Kd5 62. Rc7) 56... Ra8 $11 57. Ke4 $2 {[%mdl 8192]} (57. g6 $11 fxg6+ 58. Ke4 (58. Kxg6 d3 $11)) 57... Re8+ $1 {[#]} 58. Kf3 $1 Ra8 59. Ke2 Re8+ 60. Kd2 Ra8 61. Ra1 Kd5 62. Kd3 {White mates.} Kc5 63. Ra2 Kd5 64. Ra5+ Kc6 65. Kxd4 Kb6 66. Ra2 Kb7 67. Ke5 Re8+ 68. Kf6 Ka8 69. Kxf7 Rc8 70. g6 {[%cal Bg5g6,Bg6g7][%mdl 32]} Rc7+ 71. Kg8 Rc8+ 72. Kh7 Rc4 73. g7 Rh4+ 74. Kg6 Rg4+ 75. Kf7 Rf4+ 76. Kg8 Rg4 77. Ra6 Rxg2 78. Kf7 {Precision: White = 63%, Black = 32%.} 1-0

[Event "ROU-ch Women 2018"]
[Site "Olanesti"]
[Date "2018.05.15"]
[Round "2"]
[White "Panainte, Andreea-Bianca"]
[Black "Cosma, Elena-Luminita"]
[Result "0-1"]
[WhiteElo "1894"]
[BlackElo "2331"]
[Annotator "TA"]
[PlyCount "66"]
[EventDate "2018.??.??"]
[EventType "swiss"]
[EventCountry "ROU"]
[SourceTitle "playchess.com"]
[Source "ChessBase"]
[SourceQuality "1"]

{[%evp 23,66,23,31,13,37,0,6,-19,-12,-31,-45,-34,-26,-66,-67,-63,-55,-60,-70,-76,-64,-67,-72,-83,-44,-77,-68,-89,-90,-92,-70,-89,-85,-108,-61,-202,-214,-329,-301,-441,-340,-556,-556,-542,-538]} 1. e4 e6 2. d4 d5 3. Nc3 Nf6 4. Bg5 Be7 5. e5 Nfd7 6. Bxe7 Qxe7 7. f4 a6 8. Nf3 c5 9. dxc5 Nc6 10. Bd3 Qxc5 11. Qd2 b5 12. Ne2 b4 {LiveBook: 4 Games. C14: French: Classical System: 4 Bg5 Be7 main line} 13. a3 Rb8 14. axb4 Qxb4 $146 {The position is equal.} ({Predecessor:} 14... Nxb4 15. Ned4 Qb6 16. O-O Nc5 17. Be2 O-O 18. Kh1 a5 19. Ra3 Ne4 20. Qe3 {0-1 (31) Ibrahimova,S (2198)-Gasimov,P (2318) Nakhchivan 2017}) 15. b3 Nc5 16. O-O Qxd2 17. Nxd2 O-O 18. Rf3 Nb4 19. Nd4 Ncxd3 20. cxd3 Bd7 21. Rc1 Rfc8 22. Rxc8+ Rxc8 23. Kf2 a5 24. g4 Rc3 25. Ke2 Bc8 26. Nb1 Rc1 27. Na3 Ba6 28. Kd2 Rh1 29. h3 (29. Nac2 $1 $15) 29... Rh2+ $19 30. Ne2 (30. Kd1 {might work better.}) 30... g6 31. Re3 (31. g5 $142) 31... h6 32. Nc2 $2 {[#]} (32. h4 {was called for.}) 32... Nxc2 33. Kxc2 d4 {Precision: White = 38%, Black = 63%.} 0-1

[Event "ROU-ch Women 2018"]
[Site "Olanesti"]
[Date "2018.05.15"]
[Round "2"]
[White "Ciolacu, Alessia-Mihaela"]
[Black "Sandu, Mihaela"]
[Result "1/2-1/2"]
[WhiteElo "1843"]
[BlackElo "2258"]
[Annotator "TA"]
[PlyCount "153"]
[EventDate "2018.??.??"]
[EventType "swiss"]
[EventCountry "ROU"]
[SourceTitle "playchess.com"]
[Source "ChessBase"]
[SourceQuality "1"]

{[%evp 21,153,57,78,56,68,54,53,56,56,-59,-12,-121,-22,-25,25,11,25,0,62,87,199,224,247,241,250,218,160,135,287,292,282,289,293,273,285,142,149,116,387,384,397,372,369,189,164,143,149,150,144,31,58,46,105,72,74,0,0,0,0,0,70,0,0,0,52,28,60,0,98,0,0,-8,-8,-8,-8,-165,-8,-527,-474,-805,461,-881,-881,-872,-872,-857,-857,-857,-857,-682,-675,-638,-371,-341,-341,-312,-60,-60,-60,-60,-60,-60,-60,-60,-60,-60,-60,-60,0,0,0,0,0,0,0,0,0,0,0,0,0,0,0,0,0,0,0,0,0,0,0,0,0,0]} 1. d4 Nf6 2. c4 g6 3. Nc3 Bg7 4. e4 d6 5. Be2 O-O 6. Be3 Nbd7 7. g4 e5 8. d5 Nc5 {E73: King's Indian: Averbakh Variation without 6...c5} 9. f3 a5 10. h4 h5 11. g5 Ne8 {LiveBook: 5 Games} (11... Nh7 12. Kd2 Bd7 13. Nh3 c6 14. Nf2 cxd5 15. exd5 f5 16. gxf6 Nxf6 17. Bxc5 dxc5 {0-1 (37) Vallejo Pons,F (2705)-Radjabov,T (2741) Palma de Mallorca 2017}) 12. Nh3 Bd7 13. b3 c6 14. Qd2 cxd5 15. Bxc5 $146 (15. Nxd5 $14 Bxh3 16. Rxh3) ({Predecessor:} 15. cxd5 Nc7 16. Nf2 {½-½ (58) Loiseau,Q (2185)-Feryn,B (1985) Troyes 2010}) 15... dxc5 16. Qxd5 (16. Nxd5 $11 a4 17. Rd1 axb3 18. axb3 Bxh3 19. Rxh3) 16... Qc8 ({Better is} 16... Nc7 $17 17. Qd6 Ne6) 17. Nf2 $11 Be6 18. Qd2 Nc7 19. O-O-O b5 ({Black should play} 19... Qb8 $11) 20. cxb5 $14 c4 (20... Qb7 $16) 21. bxc4 $18 {[%cal Bb3c4,Bc4c5,Bc5c6][%mdl 32]} Re8 22. Kb1 Qb7 23. c5 Bf8 24. Qe3 {Black must now prevent c6.} Na6 $2 (24... Rab8 $16) 25. c6 Qb8 {White should prevent ...Bc5.} 26. Nd3 Rc8 27. Ka1 Nb4 28. Nxb4 (28. Rc1 $18) 28... axb4 $16 29. Nd5 Ra5 $2 {[%mdl 8192]} (29... b3 $16 {was called for.}) 30. Bc4 $18 Kh8 31. Rd3 Rxb5 32. Bxb5 (32. c7 $142 Qb7 33. Bxb5 Qxb5 34. Rc1) 32... Qxb5 33. Rc1 Rxc6 34. Rxc6 Qxc6 {[#]} 35. Qd2 (35. Rd1 $1 $16) 35... Qc4 $14 36. Nf6 Qc5 (36... Kg7 $1 $14) 37. Rd8 Kg7 38. Kb2 (38. Ra8 $16) 38... Qa7 $11 39. Kb1 Qg1+ 40. Qd1 Qa7 (40... Qf2 $11 41. Qd2 (41. Ra8 Bc4 $16) 41... Qg1+ 42. Qd1 Qb6) 41. Qc2 (41. Rd2 $14) 41... Qg1+ 42. Qd1 ({White should try} 42. Rd1 $11 Qe3 43. Nd5 Qxf3 44. Nc7) 42... Qa7 $14 43. Rd2 Bc5 44. Qe2 (44. Nd5 $14) 44... Qa5 (44... b3 $11 45. axb3 Bd4) 45. Ne8+ (45. Nd5 $16) 45... Kh8 $11 46. f4 b3 $1 {[%cal Rb3a2]} 47. axb3 Bxb3 48. Rb2 $2 {[#]} (48. fxe5 Qb6 $15) (48. f5 $11) 48... Bd4 $2 $40 {[%mdl 128] White needs to defend precisely.} (48... Qc3 $1 $19 49. Qd2 Qf3) 49. Qd2 $2 {[%mdl 8192]} (49. Rxb3 $2 Qa1+ 50. Kc2 Qa2+ 51. Kd1 Qxb3+ 52. Qc2 Qf3+ 53. Qe2 Qh1+ 54. Kc2 exf4 $19) (49. Nf6 $1 $11 {and White is okay.}) 49... Qb5 $19 {And now ...Qf1+ would win.} 50. fxe5 (50. Qe2 $142 Qxe2 51. Rxe2 exf4 52. Rc2 Bxc2+ 53. Kxc2) 50... Bxb2 $4 {[%mdl 8192]} (50... Qf1+ $19 {avoids the disaster.} 51. Qc1 Qd3+ 52. Rc2 Bxc2+ 53. Qxc2 Qb5+ 54. Ka2 Qxe8) 51. Qxb2 $4 {[%mdl 8192]} (51. Qd8 $18 Bc2+ 52. Kxc2 Qe2+ 53. Kb3 (53. Kb1 Qxe4+ 54. Kxb2 Qb4+ 55. Kc2 Qc4+ 56. Kd2 Qb4+ 57. Kd3 Qb3+ 58. Ke4 Qc4+ 59. Ke3 Qc3+ 60. Qd3 Qe1+ 61. Qe2 Qxh4 $16) 53... Qb5+ 54. Ka2 Qc4+ 55. Kxb2 Qb4+ 56. Kc1 Qc3+ 57. Kd1 Qb3+ 58. Ke2 Qb2+ 59. Ke3 Qc3+ 60. Qd3 Qe1+ 61. Kf3 Qxh4 62. Nd6) 51... Qd3+ ({Inferior is} 51... Qxe8 52. e6+ Kg8 53. Qxb3 $11) 52. Ka1 Qd1+ 53. Qb1 Qd4+ 54. Qb2 Qa4+ 55. Kb1 Qxe4+ ({Stronger than} 55... Qxe8 56. Qxb3 Qxe5 57. Qxf7 $11) 56. Ka1 {White wants to mate with e6+.} Qe1+ 57. Qb1 Qa5+ ({Less strong is} 57... Qxe5+ 58. Qb2 $17) 58. Kb2 Qxe5+ $2 (58... Qb4 $19 59. Nf6 Be6+ 60. Kc1 Qe1+ 61. Kb2 Qxe5+ 62. Ka3 Qe3+ 63. Kb2 Qe5+ 64. Ka3 Qe3+ 65. Kb2 Qe5+) 59. Kxb3 $15 {Qb2 is the strong threat.} Qxe8 $19 {[%mdl 4096] Endgame KQ-KQ} (59... Qb5+ {is interesting.} 60. Kc2 Qe2+ 61. Kc1 Qxe8 62. Qb2+ Kg8) 60. Qb2+ Kh7 {Threatens to win with ...Qb5+.} 61. Qd4 Qe6+ 62. Kc3 Kg8 63. Qd8+ Kg7 {aiming for ...Qe1+.} 64. Qd4+ Kf8 (64... Kh7 $1 $15) 65. Qd8+ $11 {The position is equal.} Qe8 66. Qxe8+ $1 Kxe8 {K3P-KPP} 67. Kd4 Kd7 68. Kd5 Ke7 69. Ke5 Ke8 70. Ke4 Kf8 71. Kf4 Kg8 72. Ke4 $1 Kg7 73. Ke5 f5 74. gxf6+ $1 Kf7 75. Ke4 {Strongly threatening Ke5.} Kxf6 76. Kf4 Kf7 77. Kf3 {Precision: White = 43%, Black = 41%.} 1/2-1/2

[Event "ROU-ch Women 2018"]
[Site "Olanesti"]
[Date "2018.05.15"]
[Round "2"]
[White "Paun, Liliana"]
[Black "Cosman, Andreea-Marioara"]
[Result "0-1"]
[WhiteElo "1216"]
[BlackElo "2130"]
[Annotator "TA"]
[PlyCount "52"]
[EventDate "2018.??.??"]
[EventType "swiss"]
[EventCountry "ROU"]
[SourceTitle "playchess.com"]
[Source "ChessBase"]
[SourceQuality "1"]

{[%evp 15,52,0,0,-22,-18,-87,-76,-181,-155,-168,-180,-170,-149,-231,-220,-252,-236,-477,-480,-465,-436,-490,-446,-1150,-1019,-1715,-1696,-2227,-2116,-2097,-2226,-2181,-2151,-2007,-1992,-2500,-2209,-29990,-29991]} 1. e4 c5 2. Nf3 d6 3. d4 cxd4 4. Nxd4 Nf6 5. Nc3 a6 6. Bg5 e6 7. Bc4 b5 {[%cal Bb7b5,Bb5b4][%mdl 32]} 8. Bb3 Be7 {LiveBook: 332 Games} 9. Qd2 {B87: Sicilian Scheveningen/Najdorf: 6 Bc4, with early ...b5} (9. Qf3 Qc7 10. e5 Bb7 11. exd6 Bxd6 12. Qe3 Bc5 13. O-O-O Nc6 14. Bxf6 gxf6 15. Nd5 Qe5 16. Qxe5 Nxe5 17. Nc7+ Ke7 18. Nxa8 Bxg2 {½-½ (28) Radjabov,T (2710)-Topalov,V (2741) Shamkir 2017}) 9... O-O 10. O-O-O (10. O-O $11) 10... b4 $17 11. Nce2 (11. Na4 $17 {only move.}) 11... Nxe4 $19 12. Bxe7 Qxe7 $146 ({Don't do} 12... Nxd2 13. Bxd8 Nxb3+ 14. Nxb3 $15) ({Predecessor:} 12... Nxd2 13. Bxd8 Nxb3+ 14. Nxb3 Rxd8 15. Nc5 d5 16. Rd3 {0-1 (39) Ojosnegros Martin,A-Castro Uceda,J (1715) Madrid 2009}) 13. Qe3 d5 14. Rhf1 (14. Nf4 $17 {was worth a try.} Bb7 15. f3) 14... a5 15. Ba4 Bd7 16. b3 $2 {[#]} (16. Bxd7 {was the only defense.} Nxd7 17. Ng3) 16... Bxa4 17. bxa4 Na6 {[%cal Bb8a6,Ba6c5,Bc5a4,Ba4c3][%mdl 32]} 18. Nc6 Qc7 19. Nxa5 (19. Ncd4 $142) 19... Qxa5 20. Qb3 Nac5 21. Qb2 Nxa4 22. Qa1 Nac3 23. Nxc3 Nxc3 24. Rd3 Nxa2+ 25. Kd1 Nc3+ 26. Rxc3 Qxa1+ {Precision: White =  4%, Black = 97%.} 0-1

[Event "ROU-ch Women 2018"]
[Site "Olanesti"]
[Date "2018.05.16"]
[Round "3"]
[White "Bulmaga, Irina"]
[Black "Ciolacu, Alessia-Mihaela"]
[Result "1-0"]
[WhiteElo "2415"]
[BlackElo "1843"]
[Annotator "TA"]
[PlyCount "218"]
[EventDate "2018.??.??"]
[EventType "swiss"]
[EventCountry "ROU"]
[SourceTitle "playchess.com"]
[Source "ChessBase"]
[SourceQuality "1"]

{[%evp 25,218,37,50,45,54,33,65,13,22,0,53,29,29,24,66,29,29,8,13,0,0,0,0,-30,-16,-26,-12,-35,0,-2,0,0,50,8,12,0,0,-50,-32,-45,-37,-39,0,0,0,-8,-8,-35,0,0,0,0,0,0,2,8,63,63,63,63,63,63,63,63,63,63,63,63,63,63,63,63,63,63,63,63,63,63,63,63,63,63,63,27,27,27,27,0,0,0,0,0,0,0,0,0,0,0,0,0,0,0,0,0,0,0,0,0,0,0,0,0,0,0,0,0,0,0,0,0,0,0,0,0,0,0,0,0,0,0,0,0,0,0,0,0,0,0,0,0,0,0,0,0,0,0,0,0,0,0,0,0,0,0,0,0,0,0,0,0,0,0,0,0,0,0,0,0,0,0,0,0,0,0,0,0,0,0,29966,29968,29969,29972,29976,29978,29982,29983,29983,29984,29984,29985,29985,29986,29986,29987,29987]} 1. Nf3 d5 2. g3 c6 3. Bg2 Bg4 4. O-O Nd7 5. d3 e5 6. h3 Bh5 7. e4 Ngf6 8. Qe1 dxe4 9. dxe4 Bxf3 10. Bxf3 Bc5 11. a4 a5 12. Nd2 O-O 13. Nc4 {A07: Réti Opening: New York and Capablanca Systems} Bb4 {LiveBook: 3 Games} 14. Qe2 Re8 15. Ne3 {White is slightly better.} g6 16. Ng4 (16. Rd1 $14) 16... Nxg4 17. Bxg4 {Hoping for Rd1.} Nf8 ({Black should play} 17... h5 $11 18. Bf3 Qe7) 18. h4 h5 19. Bh3 Ne6 20. c3 {Strongly threatening Bxe6.} Bc5 21. Kh1 Qe7 22. Bd2 Rad8 23. Rad1 Rd6 24. b4 axb4 25. cxb4 Bd4 26. b5 Ra8 27. a5 $1 cxb5 28. Qxb5 Nc5 29. Bb4 Rc6 30. Bg2 Qc7 31. Rxd4 exd4 {[#]} 32. e5 $1 {[%mdl 512]} Ne6 (32... Qxe5 33. Bxc6) 33. Kh2 Rd8 34. Bd6 {[#]} Rc5 $1 {[%mdl 512]} 35. Bxc5 (35. Bxc7 {looks sharper.} Rxb5 36. Bxd8 Nxd8 37. Rd1 Ne6 38. Bh3) 35... Qxc5 36. Qb6 Qxb6 37. axb6 $15 {[%mdl 4096] Endgame KRB-KRN} Nc5 {next ...d3 is good for Black.} 38. Rc1 $1 {[%cal Rc1c5]} Na4 {...d3 is the strong threat.} 39. Bxb7 Nxb6 40. Rc6 d3 (40... Na4 $11) 41. Rxb6 $14 {KRB-KR} d2 42. Bf3 d1=Q 43. Bxd1 Rxd1 {KR-KR} 44. Kg2 Rd2 45. Kf3 Rd4 46. Ke3 Ra4 47. Rb8+ Kg7 48. Rd8 Rb4 49. Rd4 Rb5 50. Ke4 Kf8 51. f3 Ra5 52. Rb4 Rc5 53. Kf4 Ra5 54. g4 hxg4 55. fxg4 {aiming for h5.} Kg7 56. h5 gxh5 57. gxh5 Kh6 58. Rb6+ Kxh5 59. Rf6 Ra1 60. Ke4 Ra7 61. Kf5 Rb7 62. Ra6 Rc7 63. Ra1 $1 {[%cal Ra1h1]} Kh4 64. Rg1 Re7 65. Rg4+ (65. Ra1 {feels hotter.} Kg3 66. Rd1 Rc7 67. Ke4 Kg2 68. Rd2+) 65... Kh3 66. Rg7 Kh4 67. Rg8 Kh3 68. Rg5 Kh4 {Threatens to win with ...Rxe5+!} 69. Kf6 Re8 70. Rg7 Re6+ 71. Kf5 Re7 72. Rg4+ (72. Kf6 {is interesting.} Re6+) 72... Kh3 73. Rb4 Kg3 74. Rb5 Kf3 75. Rb3+ Kg2 76. Rd3 Kh2 77. Rf3 Kg2 78. Ra3 (78. Rf4 {with more complications.} Kg3 79. Rd4 Rc7 80. Rd3+ Kg2 81. Kf6) 78... Kh2 79. Ra8 Kg3 80. Rh8 Kf3 81. Rh5 Re6 82. Rh3+ Kg2 83. Ra3 Re7 84. Ra5 Kf3 85. Kf6 Rb7 86. Ra4 Kg3 87. Ra3+ Kf4 88. Ra4+ Kg3 89. Rc4 Ra7 90. Rb4 Rc7 91. Rb1 Kf4 92. Rb4+ $1 Kg3 93. Kf5 Re7 94. Rb8 Kh3 95. Rh8+ Kg3 96. Rh7 Kf3 97. Rh3+ Kg2 98. Rd3 Rb7 99. Kf6 Rc7 100. Rd8 Kf3 101. Rh8 {Black must now prevent Rh7.} Kf4 $2 {[%mdl 8192]} (101... Ke4 $11) 102. Rh4+ {White mates.} Kg3 103. Rh7 Kf4 104. e6 fxe6 105. Rxc7 e5 106. Ke6 e4 107. Kd5 e3 108. Kd4 e2 109. Re7 Kf3 {Precision: White = 58%, Black = 64%.} 1-0

[Event "ROU-ch Women 2018"]
[Site "Olanesti"]
[Date "2018.05.16"]
[Round "3"]
[White "Peptan, Corina-Isabela"]
[Black "Pancu, Aureliana-Eugenia"]
[Result "1-0"]
[WhiteElo "2393"]
[BlackElo "1852"]
[Annotator "NA"]
[PlyCount "91"]
[EventDate "2018.??.??"]
[EventType "swiss"]
[EventCountry "ROU"]
[SourceTitle "playchess.com"]
[Source "ChessBase"]
[SourceQuality "1"]
[TimeControl "40/5400+30:1800+30"]

1. c4 {[%emt 0:00:00]} Nf6 {[%emt 0:00:22]} 2. Nf3 {[%emt 0:00:00]} g6 {[%emt 0:00:42]} 3. Nc3 {[%emt 0:00:00]} d5 {[%emt 0:00:15]} 4. cxd5 {[%emt 0:00:02]} Nxd5 {[%emt 0:00:07]} 5. h4 {[%emt 0:00:07]} Nxc3 {[%emt 0:12:35] A16: English Opening: 1...Nf6 with ...d5} (5... Bg7 6. h5 Nc6 7. h6 Bf6 8. Ne4 Bg4 9. e3 O-O 10. Nxf6+ exf6 11. Be2 Re8 12. O-O Qe7 13. d4 {0-1 (22) Akobian,V (2647)-Duda,J (2717) Riadh 2017}) 6. bxc3 {[%emt 0:00:18]} h6 {[%emt 0:01:11]} 7. g3 {[%emt 0:06:28]} Bg7 {[%emt 0:00:44]} 8. Bg2 {[%emt 0:00:08] LiveBook: 11 Games} c5 {[%emt 0:04:39]} 9. Qb3 $146 {[%emt 0:01:29]} ({Predecessor:} 9. O-O Nc6 10. Rb1 O-O 11. d3 Qc7 12. Be3 b6 13. Bf4 Qd7 14. d4 Ba6 15. dxc5 Qxd1 16. Rfxd1 bxc5 {1-0 (37) Iordachescu,V (2601)-Guido,F (2413) Condino 2014}) 9... Qc7 {[%emt 0:01:09]} 10. Rb1 {[%emt 0:02:34]} O-O {[%emt 0:01:01]} 11. Ba3 {[%emt 0:09:49]} Na6 {[%emt 0:06:21]} 12. O-O {[%emt 0:04:24]} Rb8 {[%emt 0:00:41]} 13. c4 {[%emt 0:06:02]} Be6 {[%emt 0:05:26]} 14. Bb2 {[%emt 0:04:39]} Bxb2 {[%emt 0:13:47]} 15. Rxb2 {[%emt 0:00:07]} Qd6 {[%emt 0:00:28]} 16. Qc3 {[%emt 0:10:24]} Nc7 {[%emt 0:09:04]} 17. Rc1 {[%emt 0:04:18]} f6 {[%emt 0:02:13]} 18. Qa5 {[%emt 0:05:31]} Na6 {[%emt 0:01:37]} 19. a3 {[%emt 0:01:00]} Kg7 {[%emt 0:00:30]} 20. d3 {[%emt 0:00:21]} Bc8 {[%emt 0:01:10]} 21. Qc3 {[%emt 0:11:21]} b6 {[%emt 0:02:36]} 22. d4 {[%emt 0:01:08]} cxd4 {[%emt 0:03:10]} 23. Nxd4 {[%emt 0:00:12]} Bd7 {[%emt 0:02:47]} 24. Nb5 {[%emt 0:02:30]} Bxb5 $1 {[%emt 0:00:29]} 25. cxb5 {[%emt 0:00:33]} Nc5 {[%emt 0:00:14]} 26. Rd2 {[%emt 0:00:59]} Qc7 {[%emt 0:00:44]} 27. h5 {[%emt 0:03:31]} Rbd8 {[%emt 0:02:25]} 28. hxg6 {[%emt 0:01:45]} Rxd2 {[%emt 0:00:40]} 29. Qxd2 {[%emt 0:00:02]} Rd8 {[%emt 0:02:06]} 30. Qc2 {[%emt 0:03:13]} e5 {[%emt 0:03:08]} 31. Bh3 {[%emt 0:04:59]} Rd4 {[%emt 0:01:40]} 32. e3 {[%emt 0:02:26]} Rd6 {[%emt 0:01:27]} 33. Bf5 {[%emt 0:04:18]} Qe7 {[%emt 0:00:42]} 34. Rd1 {[%emt 0:01:09]} Qd8 {[%emt 0:05:35]} 35. Rxd6 {[%emt 0:00:22]} Qxd6 {[%emt 0:00:03]} 36. Qc4 {[%emt 0:00:20]} Qe7 {[%emt 0:01:05]} 37. e4 {[%emt 0:01:52]} Nb7 {[%emt 0:01:33]} 38. Qd5 {[%emt 0:00:20]} Nd6 {[%emt 0:01:14]} 39. Kg2 {[%emt 0:02:23]} Nb7 {[%emt 0:01:19]} 40. Kh3 {[%emt 0:00:00]} Nd6 {[%emt 0:07:24]} 41. Kg4 {[%emt 0:03:45]} Qc7 {[%emt 0:01:19]} 42. a4 {[%emt 0:09:42]} Qc5 {[%emt 0:02:24]} (42... Qe7 $142 43. Kh5 Qc7) 43. Qe6 {[%emt 0:05:19]} Qc7 {[%emt 0:00:16]} 44. Kh5 {[%emt 0:00:41]} Nxf5 {[%emt 0:10:45]} 45. exf5 {[%emt 0:01:06]} Qb7 $18 {[%emt 0:00:27]} 46. Qf7+ {[%emt 0:02:44]} 1-0

[Event "ROU-ch Women 2018"]
[Site "Olanesti"]
[Date "2018.05.16"]
[Round "3"]
[White "Cosma, Elena-Luminita"]
[Black "Sgircea, Silvia-Raluca"]
[Result "1/2-1/2"]
[WhiteElo "2331"]
[BlackElo "2198"]
[Annotator "NA"]
[PlyCount "27"]
[EventDate "2018.??.??"]
[EventType "swiss"]
[EventCountry "ROU"]
[SourceTitle "playchess.com"]
[Source "ChessBase"]
[SourceQuality "1"]
[TimeControl "40/5400+30:1800+30"]

{[%evp 8,23,4,3,32767,32767,32767,32767,32767,32767,32767,-12,0,-6,0,0,0,-26]} 1. d4 {[%emt 0:00:20]} Nf6 {[%emt 0:00:16]} 2. Nf3 {[%emt 0:00:26]} g6 {[%emt 0:00:06]} 3. Bf4 {[%emt 0:03:28]} Bg7 {[%emt 0:00:17]} 4. e3 {[%emt 0:00:08]} O-O {[%emt 0:00:35]} 5. h3 {[%emt 0:00:05]} d6 {[%emt 0:00:19]} 6. Be2 {[%emt 0:01:17]} b6 {[%emt 0:00:34]} 7. O-O {[%emt 0:00:23]} Bb7 {[%emt 0:00:06]} 8. c4 {[%emt 0:01:05]} Nbd7 {[%emt 0:00:52]} 9. Bh2 {[%emt 0:01:07]} Re8 {[%emt 0:02:53]} 10. Nc3 {[%emt 0:07:10] LiveBook: 27 Games} Ne4 {[%emt 0:04:10]} 11. Nxe4 {[%emt 0:25:55]} Bxe4 {[%emt 0:00:06]} 12. Qd2 $11 {[%emt 0:00:09]} e5 {[%emt 0:35:56]} 13. Rad1 {[%emt 0:05:18]} Bb7 {[%emt 0:04:03]} 14. dxe5 {[%emt 0:12:07]} 1/2-1/2